| 000 | 00391nam a2200145Ia 4500 | ||
|---|---|---|---|
| 008 | 151213s9999 xx 000 0 und d | ||
| 100 | _aRichard Gravill | ||
| 245 |
_aSamuel Tailor Coleridge: Selected Poems _cRichard Gravill |
||
| 260 |
_aBeirlb _bYork Perss _c1982 |
||
| 300 | _a3558 p. | ||
| 650 | _aEnglish Literature | ||
| 650 | _aLiterature | ||
| 700 | _aRichard Gravill | ||
| 999 |
_c2361 _d2361 |
||